000 01570nas a2200385 c 4500
001 291636
003 BLK
005 20240419152251.0
008 180413b bul raner|||| |0| c1bulo|
010 _aPRD00002047000
022 _aC604-1213
040 _aBLK
041 _aBUL
_cBUL
080 _aИзкуство. Художествени занаяти. Фотография. Музика. Развлечения. Игри. Спорт
_b7
_x.01
_z7.01
080 _aЦивилизация. Култура. Прогрес. История на културата вж 930.85
_b008
_x(497.215)
_z008(497.215)
110 1 _aД-во на свободните художници - Русе
_eРед. кол.: Прес група
_9388255
245 1 0 _aART ТЕМА
_bМес. изд. за лит., изкуство и култура
_cД-во на свободните художници - Русе ; Ред. кол.: Прес група
_fНачална год. на издаване: 1993, № 1,
257 _aBGR
260 _bД-во на свободните художници
_c1993
_fДунав прес ООД - Русе
300 _c42
310 _eсрок за съхранение: 99
380 _a7
852 _aВ 775
852 _aК 0/Т 47
856 _qpdf
_u
856 _qpdf
_u
942 _cNSP
_n0
_s1
944 _aCR
_cЙордан_Досев
_k30549
_lВася Ганчева
944 _aED
_k02.11.2013
999 _c291636
_d291636
999 _d291636
999 _d291636
999 _d291636
999 _d291636
999 _d291636